000
00371nam a2200133Ia 4500
008
151001s9999||||xx |||||||||||||| ||und||
100
_a
संजीव गुप्ता
245
_a
साहसी बच्चों के कारनामे
250
_a
1
260
_b
किताबहार
260
_c
2006
300
_a
63
365
_b
24
999
_c
988064
_d
988061